000 00401nam a2200145 4500
001 111575
003 ES-MaACL
007 t|
008 061121s1933 sz r ||||1| fre d
245 0 0 _aOrganisations coopérives.
260 _aGenève :
_bMacon-Protat Frs,
_c1933.
300 _aVIII, 201 p. ;
_c24 cm.
500 _aPrecede al Tit : Bureau International du Travail.
852 _aES-MaACL
_jC-8299
999 _c111575
_d111575